| 000 | 00894nam0a22002291 4500 | ||
|---|---|---|---|
| 001 | v19\rc\2047729 | ||
| 005 | 20260406195717.0 | ||
| 035 | _a(NLR Aleph) 005126919 | ||
| 090 |
_a7641887 _c7641887 |
||
| 100 | _a20081111d1906 |||y0rusy50 ca | ||
| 101 | 0 | _arus | |
| 102 | _aRU | ||
| 105 | _aa z ||||| | ||
| 200 | 1 | _aРуководство к швейным машинам компании Зингер "Вейбретинг Шетль", класс 27 и 28 (с качающимся челноком) [для семейного и ремесленного употребления] | |
| 210 |
_a[Москва _d1906] |
||
| 215 |
_a24 с. _cил. |
||
| 710 | 0 | 2 |
_a"Зингер К", акционерное общество _cПетербург _3RU\NLR\AUTH\889959103 _9414381 |
| 801 | 0 |
_aRU _bNLR _gpsbo |
|
| 801 | 1 |
_aRU _bProSoft-M _2rusmarc |
|
| 852 |
_aNLR _j34.84.8.191 |
||
| 942 | _cBOOK | ||
| 980 | _aNB | ||